000
00297nam a22001337a 4500
999
_c
54882
_d
54882
008
190510b ||||| |||| 00| 0 eng d
020
_a
9789951437714
041
_a
eng
080
_a
070
100
_a
0-PZ
101
_a
MED
245
_a
Shkathesite e Shkrimit
_c
Zejnullahu, S
942
_2
udc
_c
BK